Prototyp pre prímestské satelity

Bibliographic Details
Main Author: Bacová, Andrea, 1962- (Author)
Format: Article
Language:Slovak
PhysicalDescription:Fotogr., obr.
ISSN:1335-3268
Subjects:

MARC

LEADER 00000nab a2200000 ar4500
001 vtls010127298
003 SK-MaSNL
005 20260305034542.0
008 100830c2010 xo ||||||||||||00 b|slo
015 |a SNBRB2010/08  |2 snkbucl 
038 |a SNKBUCL 
040 |a SNKBUCL  |b slo  |c SNKBUCL  |e AACR2 
041 0 |a slo 
044 |a xo  |c SK 
080 |a 728.3  |x (437.6)  |2 2001 
100 1 |a Bacová, Andrea,  |d 1962-  |4 aut  |9 103730 
245 1 0 |a Prototyp pre prímestské satelity  |c Andrea Bacová 
300 |b Fotogr., obr. 
500 |a Architekt: Peter Oleš 
500 |a Poznámky 
650 0 7 |a rodinné domy  |2 snkbucl  |9 2984 
651 7 |a Čierna Voda (Galanta, Slovensko)  |2 snkbucl  |9 51776 
651 7 |a Galanta (Slovensko : okres)  |2 snkbucl  |9 15964 
773 0 |t ARCH  |g Roč. 15, č. 7-8 (2010), s. 22-25  |x 1335-3268 
852 |a SNK  |b KIS3GCP 
958 |a SK 
999 |c 3329847  |d 3331777